[Event "XI Memorial Roberto Magari A"]
[Site "Siena ITA"]
[Date "2006.11.11"]
[Round "3"]
[White "Madiai, Federico"]
[Black "Garofalo, Sergio"]
[Result "1/2-1/2"]
[WhiteElo "1897"]
[BlackElo "1815"]
[PlyCount "106"]
[EventDate "2006.11.10"]

1. Nf3 f5 2. g3 Nf6 3. Bg2 e6 4. d4 Be7 5. c4 d6 6. Nc3 c6 7. O-O O-O 8. Qd3
Qe8 9. e4 fxe4 10. Nxe4 Qh5 11. Nxf6+ Bxf6 12. Bd2 e5 13. dxe5 dxe5 14. Bc3 Bf5
15. Qe3 Nd7 16. Rfe1 Rae8 17. Nd2 Bg5 18. Qe2 Qxe2 19. Rxe2 Bd3 20. Ree1 Bxd2
21. Bxd2 Bxc4 22. Bc3 Bd5 23. Bh3 Rf7 24. Bxd7 Rxd7 25. Bxe5 Red8 26. f4 Kf7
27. Kf2 b5 28. Bc3 Rb8 29. a3 c5 30. Re5 b4 31. axb4 cxb4 32. Bd4 Rc8 33. Rxa7
Rc2+ 34. Re2 Rxe2+ 35. Kxe2 Rxa7 36. Bxa7 g6 37. g4 Ke6 38. Kd3 b3 39. Kd4 Bf3
40. h3 Bg2 41. Kc3 Bxh3 42. g5 Kd5 43. Kxb3 Kc6 44. Kc4 Bf1+ 45. Kd4 Kd6 46. b4
Bb5 47. Bb8+ Kc6 48. Ke5 Bd3 49. Kf6 Bf5 50. Kg7 Be4 51. Kxh7 Kb5 52. Bd6 Bf5
53. Kg7 Be4 1/2-1/2

[Event "XI Memorial Roberto Magari A"]
[Site "Siena ITA"]
[Date "2006.11.11"]
[Round "3"]
[White "Parrini, Daniele"]
[Black "Garofalo, Simone"]
[Result "1/2-1/2"]
[WhiteElo "1938"]
[BlackElo "1878"]
[PlyCount "48"]
[EventDate "2006.11.10"]

1. e4 e6 2. d4 d5 3. e5 c5 4. c3 Qb6 5. Nf3 Nc6 6. Bd3 cxd4 7. cxd4 Bd7 8. O-O
Nxd4 9. Nbd2 Nxf3+ 10. Nxf3 Bb5 11. Nd4 Bxd3 12. Qxd3 a6 13. Be3 Bc5 14. Rfc1
Bxd4 15. Bxd4 Qd8 16. Qb3 Qd7 17. Bc5 Ne7 18. Qa3 Nc6 19. Bd6 Rc8 20. Qe3 f5
21. Qg5 h6 22. Qh5+ Qf7 23. Qh4 g5 24. Qa4 Qd7 1/2-1/2

[Event "XI Memorial Roberto Magari A"]
[Site "Siena ITA"]
[Date "2006.11.11"]
[Round "3"]
[White "Salami, Marco"]
[Black "Tagliagambe, Stefano"]
[Result "1-0"]
[WhiteElo "2187"]
[BlackElo "2050"]
[PlyCount "63"]
[EventDate "2006.11.10"]

1. d4 Nf6 2. Nc3 d6 3. Bg5 Nbd7 4. e4 e5 5. Nf3 Be7 6. Bc4 O-O 7. O-O c6 8. a4
a5 9. h3 Qc7 10. Qe2 exd4 11. Nxd4 Nc5 12. Rad1 Re8 13. Qf3 Ne6 14. Be3 Nxd4
15. Bxd4 Be6 16. Bd3 Nd7 17. Qg3 Bf6 18. Bxf6 Nxf6 19. Kh1 Rad8 20. f4 d5 21.
e5 Ne4 22. Bxe4 dxe4 23. Nxe4 Rxd1 24. Rxd1 Rd8 25. Rxd8+ Qxd8 26. Nd6 Qb6 27.
f5 Bd7 28. Qh4 Kf8 29. b3 Be8 30. f6 Bd7 31. fxg7+ Kg8 32. Qe7 1-0

[Event "XI Memorial Roberto Magari A"]
[Site "Siena ITA"]
[Date "2006.11.11"]
[Round "3"]
[White "Sciortino, Massimo"]
[Black "Peric, Slavisa"]
[Result "0-1"]
[WhiteElo "2204"]
[BlackElo "2297"]
[PlyCount "62"]
[EventDate "2006.11.10"]

1. e4 e6 2. d4 d5 3. Nc3 Nc6 4. Nf3 Nf6 5. Bg5 Be7 6. Bxf6 Bxf6 7. e5 Be7 8.
Qd2 Bd7 9. Nd1 f6 10. exf6 Bxf6 11. c3 Qe7 12. Ne3 Qd6 13. Be2 O-O-O 14. O-O h5
15. c4 g5 16. c5 Qf4 17. Rad1 g4 18. Ne5 Nxe5 19. dxe5 Qxe5 20. Qa5 Kb8 21. Rd3
Qxb2 22. Ra3 Bc6 23. Qxa7+ Kc8 24. Bd3 Kd7 25. Rb1 Ra8 26. Rxb2 Rxa7 27. Rxa7
Bxb2 28. Nc2 Rf8 29. Nb4 Bd4 30. Nxc6 Kxc6 31. Ra5 Rxf2 0-1

[Event "XI Memorial Roberto Magari A"]
[Site "Siena ITA"]
[Date "2006.11.11"]
[Round "3"]
[White "Tocchioni, Doriano"]
[Black "Efimov, Igor"]
[Result "1/2-1/2"]
[WhiteElo "2238"]
[BlackElo "2412"]
[PlyCount "75"]
[EventDate "2006.11.10"]

1. d4 e6 2. g3 c5 3. Nf3 Nc6 4. Bg2 d5 5. O-O Nf6 6. c4 dxc4 7. Qa4 cxd4 8.
Nxd4 Qxd4 9. Bxc6+ Bd7 10. Bxd7+ Qxd7 11. Qxc4 Rc8 12. Qb3 Bc5 13. Nc3 O-O 14.
Bg5 Ng4 15. Rad1 Qc6 16. Qa4 Ne5 17. Qe4 Nc4 18. b3 Nb6 19. Rd3 Qxe4 20. Nxe4
Ba3 21. Nc3 Bb4 22. Rc1 h6 23. Be3 Rc6 24. Nb5 Rxc1+ 25. Bxc1 Rc8 26. Be3 Rc2
27. a3 Bc5 28. Bxc5 Rxc5 29. Nxa7 Ra5 30. Nc8 Nxc8 31. Rd8+ Kh7 32. Rxc8 Rxa3
33. Rc3 Kg6 34. Kg2 f5 35. Kf3 Kf6 36. Ke3 g5 37. h3 h5 38. f4 1/2-1/2

[Event "XI Memorial Roberto Magari A"]
[Site "Siena ITA"]
[Date "2006.11.11"]
[Round "3"]
[White "Vuelban, Virgilio"]
[Black "Hautala, Roman"]
[Result "1-0"]
[WhiteElo "2341"]
[BlackElo "2225"]
[PlyCount "83"]
[EventDate "2006.11.10"]

1. e4 Nf6 2. e5 Nd5 3. d4 d6 4. Nf3 Bg4 5. Be2 e6 6. c4 Nb6 7. exd6 cxd6 8. Nc3
Be7 9. O-O O-O 10. Be3 d5 11. c5 Bxf3 12. Bxf3 Nc4 13. b3 Nxe3 14. fxe3 Nc6 15.
a3 b6 16. b4 bxc5 17. bxc5 Qa5 18. Qd3 Bf6 19. Bd1 Bg5 20. Bc2 f5 21. Nxd5 exd5
22. Rxf5 Bf6 23. Rh5 Ne7 24. Rxh7 Kf7 25. e4 dxe4 26. Qc4+ Ke8 27. Rf1 Rc8 28.
Bxe4 Qd2 29. Qa4+ Kd8 30. Kh1 Qe2 31. Qa5+ Rc7 32. Re1 Bxd4 33. Rh8 Qf2 34.
Rxf8+ Qxf8 35. Rd1 Qf6 36. Qb4 Rd7 37. Qb8+ Nc8 38. c6 Rd6 39. c7+ Kd7 40. Bb7
Qf8 41. Ba6 Qe8 42. Bb5+ 1-0

[Event "XI Memorial Roberto Magari A"]
[Site "Siena ITA"]
[Date "2006.11.11"]
[Round "4"]
[White "Barbafiera, Luigi"]
[Black "Egli, Urs"]
[Result "0-1"]
[WhiteElo "1972"]
[BlackElo "2071"]
[PlyCount "48"]
[EventDate "2006.11.10"]

1. d4 g6 2. g3 Bg7 3. Bg2 d6 4. e4 Nf6 5. Ne2 O-O 6. O-O Nbd7 7. c4 e5 8. Nbc3
c6 9. h3 Re8 10. Be3 a6 11. a4 a5 12. Qd2 Qe7 13. Rad1 exd4 14. Bxd4 Nc5 15.
Bxf6 Qxf6 16. Qxd6 Qxd6 17. Rxd6 Be6 18. Rfd1 Bxc4 19. Nc1 Bxc3 20. bxc3 Nxa4
21. R1d4 b5 22. Rxc6 Rad8 23. Ra6 Nxc3 24. Rad6 Rxd6 0-1

[Event "XI Memorial Roberto Magari A"]
[Site "Siena ITA"]
[Date "2006.11.11"]
[Round "4"]
[White "Bini, Alessandro"]
[Black "Bini, Lorenzo"]
[Result "1/2-1/2"]
[WhiteElo "1889"]
[BlackElo "2028"]
[PlyCount "48"]
[EventDate "2006.11.10"]

1. d4 b6 2. Nf3 Bb7 3. Nbd2 f5 4. e3 Nf6 5. Be2 g6 6. b3 Bg7 7. Bb2 O-O 8. Rb1
e6 9. O-O Qe8 10. Ng5 h6 11. Bf3 Nc6 12. Nh3 Nd8 13. Bxb7 Nxb7 14. Nf4 g5 15.
Nd3 d6 16. g3 Qh5 17. Qxh5 Nxh5 18. f4 g4 19. e4 Rfe8 20. e5 d5 21. Ba3 Bf8 22.
Bxf8 Rxf8 23. b4 c6 24. a3 Rad8 1/2-1/2

[Event "XI Memorial Roberto Magari A"]
[Site "Siena ITA"]
[Date "2006.11.11"]
[Round "4"]
[White "Buratti, Marco"]
[Black "Cocuzzi, Edoardo"]
[Result "1-0"]
[WhiteElo "2068"]
[BlackElo "1782"]
[PlyCount "51"]
[EventDate "2006.11.10"]

1. e4 e5 2. Nc3 Bc5 3. Bc4 d6 4. d3 h6 5. f4 Bxg1 6. Rxg1 Qh4+ 7. g3 Qxh2 8.
Be3 Nf6 9. f5 Nc6 10. Qf3 Nb4 11. Rc1 Qh5 12. g4 Qh4+ 13. Kd2 Nh7 14. g5 h5 15.
Rg3 Qh2+ 16. Ne2 h4 17. Rg2 Qxg2 18. Qxg2 g6 19. Rh1 gxf5 20. g6 f4 21. gxf7+
Ke7 22. Bf2 Be6 23. Bxh4+ Kxf7 24. Bxe6+ Kxe6 25. Qg4+ Kf7 26. Qd7+ 1-0

[Event "XI Memorial Roberto Magari A"]
[Site "Siena ITA"]
[Date "2006.11.11"]
[Round "4"]
[White "Campanella, Giovanni"]
[Black "Bagolin, Renzo"]
[Result "1-0"]
[WhiteElo "1989"]
[BlackElo "1880"]
[PlyCount "43"]
[EventDate "2006.11.10"]

1. e4 e6 2. d4 d5 3. Nd2 Nf6 4. e5 Nfd7 5. Bd3 c5 6. c3 Nc6 7. Ne2 a6 8. a3 b5
9. b4 cxb4 10. cxb4 Nb6 11. O-O Nc4 12. Nc3 Nxd4 13. Nxc4 dxc4 14. Be4 Rb8 15.
Be3 Nb3 16. Qxd8+ Kxd8 17. Rad1+ Ke7 18. Ba7 Rb7 19. Bxb7 Bxb7 20. Rd6 Ke8 21.
Rb6 Bc8 22. Rd1 1-0

[Event "XI Memorial Roberto Magari A"]
[Site "Siena ITA"]
[Date "2006.11.11"]
[Round "4"]
[White "Efimov, Igor"]
[Black "Salami, Marco"]
[Result "1/2-1/2"]
[WhiteElo "2412"]
[BlackElo "2187"]
[PlyCount "89"]
[EventDate "2006.11.10"]

1. d4 f5 2. c4 Nf6 3. g3 d6 4. Nf3 g6 5. Bg2 Bg7 6. O-O O-O 7. Nc3 c6 8. d5 e5
9. dxe6 Bxe6 10. b3 Na6 11. Bf4 Nh5 12. Bg5 Qd7 13. Qd2 f4 14. Rad1 Rae8 15.
Rfe1 Bh3 16. Nh4 h6 17. Nxg6 hxg5 18. Nxf8 Bxf8 19. Qd3 Bxg2 20. Qg6+ Ng7 21.
Kxg2 Qf5 22. Qxf5 Nxf5 23. Kf3 Bg7 24. Ne4 Nd4+ 25. Rxd4 Bxd4 26. Nxd6 Rf8 27.
g4 b6 28. Rd1 Bf6 29. Ne4 Kg7 30. Rd6 Nb4 31. h4 gxh4 32. g5 Be7 33. Rd7 Rf7
34. Kg4 Bf8 35. Rd2 Na6 36. Kxh4 Be7 37. Kh5 Nc5 38. Nd6 Bxd6 39. Rxd6 Ne4 40.
Rg6+ Kf8 41. Rxc6 Nxf2 42. Kg6 Rg7+ 43. Kf5 Rf7+ 44. Kg6 Rg7+ 45. Kf5 1/2-1/2

[Event "XI Memorial Roberto Magari A"]
[Site "Siena ITA"]
[Date "2006.11.11"]
[Round "4"]
[White "Gambardella, Piero"]
[Black "Parrini, Daniele"]
[Result "0-1"]
[WhiteElo "2037"]
[BlackElo "1938"]
[PlyCount "54"]
[EventDate "2006.11.10"]

1. d4 Nf6 2. Bg5 e6 3. Nf3 c5 4. c3 Nc6 5. e3 Be7 6. Nbd2 O-O 7. Bd3 d5 8. Ne5
cxd4 9. exd4 h6 10. Bf4 Bd6 11. Qe2 Qc7 12. O-O-O Nxd4 13. Qe3 Nf5 14. Qe2 d4
15. Ndc4 Nd5 16. Bg3 Nxg3 17. hxg3 Bxe5 18. Nxe5 dxc3 19. Rxh6 cxb2+ 20. Kxb2
gxh6 21. Qg4+ Kh8 22. Qh5 f5 23. f4 Qe7 24. Kb3 Nf6 25. Qf3 Bd7 26. Rh1 Rac8
27. g4 Nxg4 0-1

[Event "XI Memorial Roberto Magari A"]
[Site "Siena ITA"]
[Date "2006.11.11"]
[Round "4"]
[White "Garofalo, Sergio"]
[Black "Lomakina, Nadya"]
[Result "1-0"]
[WhiteElo "1815"]
[BlackElo "1888"]
[PlyCount "115"]
[EventDate "2006.11.10"]

1. d4 Nf6 2. Nf3 e6 3. b3 b6 4. Bb2 Bb7 5. Nbd2 Be7 6. e3 O-O 7. Bd3 d5 8. O-O
Nbd7 9. a3 c5 10. Qe2 Ne4 11. Rad1 Qc7 12. Ne5 Rad8 13. c4 cxd4 14. exd4 Nxd2
15. Rxd2 dxc4 16. bxc4 Nxe5 17. dxe5 Bc5 18. h4 Qe7 19. Qg4 Bxa3 20. Bxa3 Qxa3
21. Rfd1 Qe7 22. Qh5 g6 23. Qg4 Kh8 24. h5 Rg8 25. h6 Rc8 26. Qf4 Bc6 27. Be2
Rgf8 28. Rd7 g5 29. Rxe7 gxf4 30. Rxa7 Ra8 31. Rc7 Rac8 32. Rxc8 Rxc8 33. f3
Kg8 34. Rd4 Ba4 35. Rxf4 Bc2 36. Rd4 Kf8 37. Kf2 Ke7 38. Rd6 Rb8 39. f4 f6 40.
Ke3 fxe5 41. fxe5 Ba4 42. Bd3 b5 43. c5 Rc8 44. Kd4 b4 45. Bxh7 Rh8 46. c6 Bxc6
47. Rxc6 Kd7 48. Rb6 Kc7 49. Rxe6 Rxh7 50. Kc4 Kd7 51. Rd6+ Kc7 52. Kxb4 Re7
53. Rg6 Rxe5 54. g4 Re8 55. g5 Kd7 56. h7 Re4+ 57. Kc5 Rh4 58. Rh6 1-0

[Event "XI Memorial Roberto Magari A"]
[Site "Siena ITA"]
[Date "2006.11.11"]
[Round "4"]
[White "Garofalo, Simone"]
[Black "Carola, Paolo"]
[Result "1-0"]
[WhiteElo "1878"]
[BlackElo "1999"]
[PlyCount "115"]
[EventDate "2006.11.10"]

1. e4 e5 2. Nf3 Nf6 3. Nxe5 d6 4. Nf3 Nxe4 5. d4 d5 6. Bd3 Be7 7. O-O O-O 8. c4
Nc6 9. cxd5 Qxd5 10. Nc3 Nxc3 11. bxc3 Bg4 12. Be2 Rad8 13. Bf4 Bd6 14. Bxd6
Rxd6 15. Qc2 Qh5 16. h3 Rh6 17. Qe4 Bxh3 18. Ne5 Bxg2 19. Bxh5 Bxe4 20. Bf3 f5
21. Rfe1 Nxe5 22. Bxe4 fxe4 23. dxe5 Rf3 24. Rad1 Rxc3 25. Rxe4 Re6 26. Rf4 h6
27. Rd8+ Kh7 28. Rd5 Ra3 29. Rf7 Rxa2 30. f4 Rc6 31. Rd1 Kg6 32. Rf8 a5 33. f5+
Kg5 34. e6 Re2 35. Rf7 Rcc2 36. e7 Kf4 37. Rf1+ Kg5 38. Rxg7+ Kf6 39. e8=N+
Rxe8 40. Rg6+ Kf7 41. Rxh6 Rg8+ 42. Kh1 Rg5 43. Rh7+ Kf6 44. Rh6+ Kf7 45. Rh7+
Rg7 46. Rh6 Rcg2 47. f6 Rg8 48. Rh7+ Kg6 49. Rxc7 Rb2 50. Rg1+ Kxf6 51. Rxg8 b5
52. Rc5 a4 53. Rb8 b4 54. Rb6+ Ke7 55. Rc7+ Kd8 56. Ra7 Kc8 57. Rxa4 b3 58.
Rab4 1-0

[Event "XI Memorial Roberto Magari A"]
[Site "Siena ITA"]
[Date "2006.11.11"]
[Round "4"]
[White "Hautala, Roman"]
[Black "Tocchioni, Doriano"]
[Result "1-0"]
[WhiteElo "2225"]
[BlackElo "2238"]
[PlyCount "67"]
[EventDate "2006.11.10"]

1. e4 c5 2. Nf3 Nc6 3. d4 cxd4 4. Nxd4 Nf6 5. Nc3 e5 6. Ndb5 d6 7. Bg5 a6 8.
Na3 b5 9. Bxf6 gxf6 10. Nd5 Bg7 11. c3 O-O 12. Nc2 f5 13. exf5 Bxf5 14. Nce3
Be6 15. Bd3 f5 16. Bc2 Rb8 17. Qh5 Bxd5 18. Nxd5 e4 19. O-O b4 20. f3 bxc3 21.
bxc3 Rb2 22. Bb3 Kh8 23. fxe4 fxe4 24. Rxf8+ Qxf8 25. Rf1 Qd8 26. Nf4 Ne5 27.
Ne6 Qe7 28. Qf5 h6 29. Nf4 Qd8 30. Qxe4 Bf6 31. Ng6+ Nxg6 32. Qxg6 Bg7 33. Re1
Qb6+ 34. Kh1 1-0

[Event "XI Memorial Roberto Magari A"]
[Site "Siena ITA"]
[Date "2006.11.11"]
[Round "4"]
[White "Masullo, Andrea"]
[Black "Sciortino, Massimo"]
[Result "1-0"]
[WhiteElo "2092"]
[BlackElo "2204"]
[PlyCount "59"]
[EventDate "2006.11.10"]

1. e4 d6 2. d4 Nf6 3. Nc3 g6 4. Bg5 c6 5. Qd2 Nbd7 6. Bh6 Bxh6 7. Qxh6 b5 8. f3
Qa5 9. Qd2 Nb6 10. Bd3 Rb8 11. b3 O-O 12. Nge2 Bd7 13. h4 b4 14. Nd1 h5 15. Qh6
e5 16. Ne3 exd4 17. Nf5 Bxf5 18. exf5 Rb7 19. Rh3 Qe5 20. Rg3 Re7 21. f4 Qc5
22. fxg6 Qc3+ 23. Kf2 Rxe2+ 24. Kxe2 Re8+ 25. Kf2 Qxa1 26. gxf7+ Kxf7 27. Bg6+
Ke7 28. Qg7+ Kd8 29. Qxf6+ Re7 30. Qf8+ 1-0

[Event "XI Memorial Roberto Magari A"]
[Site "Siena ITA"]
[Date "2006.11.11"]
[Round "4"]
[White "Peric, Slavisa"]
[Black "Vuelban, Virgilio"]
[Result "1/2-1/2"]
[WhiteElo "2297"]
[BlackElo "2341"]
[PlyCount "157"]
[EventDate "2006.11.10"]

1. d4 Nf6 2. Nf3 g6 3. g3 Bg7 4. Bg2 O-O 5. O-O d6 6. Re1 Nbd7 7. e4 e5 8. Nc3
exd4 9. Nxd4 Re8 10. h3 Nc5 11. Nb3 Ne6 12. Be3 c6 13. a4 a5 14. Qd2 Qc7 15.
Rad1 Bf8 16. f4 Nd7 17. Qf2 Ndc5 18. f5 Ng7 19. g4 Nd7 20. Rf1 b6 21. Bd4 Nc5
22. Qf4 Ba6 23. Rf2 Rac8 24. Bf1 Bxf1 25. Rdxf1 Qb7 26. Nd2 d5 27. exd5 cxd5
28. Nb5 Ne4 29. Nxe4 Rxe4 30. Qf3 g5 31. c3 Rce8 32. Qg3 Qc6 33. Qc7 Qh6 34.
Kg2 Qh4 35. Qg3 Qxg3+ 36. Kxg3 Bc5 37. Rd1 Bxd4 38. Rxd4 Rxd4 39. Nxd4 h5 40.
Rd2 Re4 41. Nf3 f6 42. Rxd5 Re2 43. Nd2 h4+ 44. Kf3 Rh2 45. Ne4 Rxh3+ 46. Kg2
Re3 47. Nxf6+ Kf7 48. Kf2 Rg3 49. Nd7 Ne8 50. Rd4 Nf6 51. Ne5+ Ke7 52. c4 Rb3
53. Nd3 Nxg4+ 54. Rxg4 Rxd3 55. Rxg5 Rb3 56. Rh5 h3 57. Rh6 Rxb2+ 58. Kg3 h2
59. Kf4 Rc2 60. Ke5 Re2+ 61. Kd5 Rd2+ 62. Ke4 Ra2 63. Kd3 Kf7 64. Kd4 Kg7 65.
Rh5 Kf6 66. Kd5 Rxa4 67. Rxh2 Kxf5 68. Rf2+ Kg6 69. Rg2+ Kf6 70. Rf2+ Ke7 71.
Re2+ Kd7 72. Rh2 Rb4 73. Rh7+ Kc8 74. Kc6 Kb8 75. c5 bxc5 76. Kxc5 Rb1 77. Kc4
a4 78. Rh5 Kb7 79. Ra5 1/2-1/2

[Event "XI Memorial Roberto Magari A"]
[Site "Siena ITA"]
[Date "2006.11.11"]
[Round "4"]
[White "Prati, Alessandro"]
[Black "Burgassi, Daniele"]
[Result "1-0"]
[WhiteElo "1868"]
[BlackElo "2000"]
[PlyCount "63"]
[EventDate "2006.11.10"]

1. d4 Nf6 2. Nf3 c5 3. e3 e6 4. Bd3 d5 5. b3 Be7 6. Bb2 O-O 7. O-O Nbd7 8. c4
dxc4 9. bxc4 b6 10. Nbd2 Bb7 11. Qe2 Rc8 12. Rac1 h6 13. Rfd1 Qc7 14. Ne5 Nxe5
15. dxe5 Nd7 16. f4 Rfd8 17. Ne4 Bxe4 18. Bxe4 Nf8 19. g4 Rxd1+ 20. Rxd1 Rd8
21. Rf1 Qd7 22. Bc3 a6 23. f5 exf5 24. gxf5 Bg5 25. Kh1 b5 26. e6 fxe6 27. fxe6
Nxe6 28. Bd5 Kh8 29. h4 Be7 30. Qg4 Ng5 31. Qxd7 Rxd7 32. hxg5 1-0

[Event "XI Memorial Roberto Magari A"]
[Site "Siena ITA"]
[Date "2006.11.11"]
[Round "4"]
[White "Tagliagambe, Stefano"]
[Black "Madiai, Federico"]
[Result "1/2-1/2"]
[WhiteElo "2050"]
[BlackElo "1897"]
[PlyCount "153"]
[EventDate "2006.11.10"]

1. Nf3 Nf6 2. c4 e6 3. g3 b6 4. Bg2 Bb7 5. O-O c5 6. Nc3 Be7 7. Re1 O-O 8. e4
d6 9. d4 cxd4 10. Nxd4 Qc8 11. b3 Rd8 12. Ba3 Bf8 13. Rc1 Nc6 14. Nd5 Ne8 15.
Ne3 g6 16. Rc2 Nxd4 17. Qxd4 Bg7 18. Qd3 Qc7 19. Rd1 Rd7 20. f4 Rad8 21. Rcd2
Bc6 22. b4 Ba4 23. Rc1 b5 24. cxb5 Qb6 25. Rc6 Qxb5 26. Qxb5 Bxb5 27. Rc1 f5
28. exf5 gxf5 29. Bc6 Bxc6 30. Rxc6 Nc7 31. Bb2 Bxb2 32. Rxb2 d5 33. a4 Kf7 34.
Nc2 d4 35. Nxd4 Re7 36. Nf3 Rd1+ 37. Kf2 Ra1 38. Rc5 Rxa4 39. Ra5 Rxa5 40. bxa5
Na6 41. Rb5 h6 42. Ne5+ Kf6 43. Nd3 Rc7 44. Rb2 Rc3 45. Ke2 Nc5 46. Nxc5 Rxc5
47. Ra2 a6 48. Ke3 h5 49. Ra3 Ke7 50. Kd4 Rb5 51. Kc4 Kf6 52. Ra2 Kg6 53. Re2
Kf6 54. Ra2 e5 55. fxe5+ Rxe5 56. Kb4 Kg5 57. Kc4 Kg4 58. Kd4 Re4+ 59. Kc5 h4
60. Rf2 Re6 61. gxh4 f4 62. h5 f3 63. Rf1 Kf4 64. h4 Kg3 65. Rg1+ Kxh4 66. Rg6
Re5+ 67. Kb6 Rxh5 68. Rf6 Kg4 69. Kxa6 Rf5 70. Rc6 f2 71. Rc1 f1=Q+ 72. Rxf1
Rxf1 73. Kb7 Kf5 74. a6 Rb1+ 75. Kc7 Ke6 76. a7 Rc1+ 77. Kb7 1/2-1/2

[Event "XI Memorial Roberto Magari A"]
[Site "Siena ITA"]
[Date "2006.11.12"]
[Round "5"]
[White "Bini, Lorenzo"]
[Black "Prati, Alessandro"]
[Result "1/2-1/2"]
[WhiteElo "2028"]
[BlackElo "1868"]
[PlyCount "26"]
[EventDate "2006.11.10"]

1. f4 d5 2. b3 Nf6 3. Bb2 e6 4. Nf3 Be7 5. e3 c5 6. Qe2 Nc6 7. g3 a6 8. Bg2 b5
9. O-O O-O 10. d3 Bb7 11. Nbd2 Qb6 12. c4 Rad8 13. Rab1 Rfe8 1/2-1/2

[Event "XI Memorial Roberto Magari A"]
[Site "Siena ITA"]
[Date "2006.11.12"]
[Round "5"]
[White "Calisi, Elia"]
[Black "Gambardella, Piero"]
[Result "0-1"]
[WhiteElo "1884"]
[BlackElo "2037"]
[PlyCount "86"]
[EventDate "2006.11.10"]

1. d4 Nf6 2. c4 e6 3. Nc3 Bb4 4. a3 Bxc3+ 5. bxc3 c5 6. e3 O-O 7. Ne2 d6 8. Ng3
Nc6 9. Bd3 e5 10. O-O Re8 11. Bf5 Bxf5 12. Nxf5 Qd7 13. e4 exd4 14. Qf3 Rxe4
15. Bg5 Ne5 16. Qh3 Rg4 17. Bxf6 Qxf5 18. f3 Rf4 19. Qxf5 Rxf5 20. Be7 Nxc4 21.
cxd4 Re8 22. Rfc1 Nd2 23. dxc5 dxc5 24. Rd1 Rxe7 25. Rxd2 f6 26. Rad1 Rfe5 27.
Kf2 Re3 28. Rd5 b6 29. Ra1 Re2+ 30. Kg3 Rc7 31. a4 c4 32. a5 c3 33. axb6 axb6
34. Rb5 Rb2 35. Rxb2 cxb2 36. Rb1 Rc2 37. h4 Kf7 38. Kh3 Ke6 39. g4 Kd5 40. f4
Kc4 41. f5 Kb3 42. g5 Rc1 43. g6 h6 0-1

[Event "XI Memorial Roberto Magari A"]
[Site "Siena ITA"]
[Date "2006.11.12"]
[Round "5"]
[White "Cocuzzi, Edoardo"]
[Black "Barbafiera, Luigi"]
[Result "1-0"]
[WhiteElo "1782"]
[BlackElo "1972"]
[PlyCount "61"]
[EventDate "2006.11.10"]

1. e4 d6 2. d4 Nf6 3. Nc3 g6 4. Be3 c6 5. Be2 b5 6. a3 Nbd7 7. Qd2 Bb7 8. g4
Nb6 9. g5 Nfd7 10. h4 Nc4 11. Bxc4 bxc4 12. h5 gxh5 13. f4 Qa5 14. Rxh5 Bg7 15.
Qh2 Qb6 16. Nge2 e5 17. O-O-O O-O-O 18. Rxh7 exd4 19. Bxd4 Bxd4 20. Rxd4 Rhf8
21. Rxd6 Qe3+ 22. Kb1 c5 23. Qh3 Qxh3 24. Rxh3 Rde8 25. e5 Nxe5 26. fxe5 Rxe5
27. g6 fxg6 28. Rxg6 Rf1+ 29. Nc1 Ree1 30. Rh8+ Kd7 31. Rh7+ 1-0

[Event "XI Memorial Roberto Magari A"]
[Site "Siena ITA"]
[Date "2006.11.12"]
[Round "5"]
[White "Egli, Urs"]
[Black "Hautala, Roman"]
[Result "0-1"]
[WhiteElo "2071"]
[BlackElo "2225"]
[PlyCount "46"]
[EventDate "2006.11.10"]

1. e4 Nf6 2. d3 d5 3. e5 Nfd7 4. f4 c5 5. Nf3 e6 6. g3 Nc6 7. Bg2 Be7 8. O-O b5
9. c4 bxc4 10. dxc4 Nb6 11. cxd5 exd5 12. Nc3 O-O 13. h3 Ba6 14. Rf2 d4 15. Ne4
Nc4 16. Nh2 Qb6 17. Qh5 Nb4 18. Ng5 Bxg5 19. Bxa8 Rxa8 20. fxg5 Nxe5 21. Bf4
Nbd3 22. Rd2 Bb7 23. Rad1 Qc6 0-1

[Event "XI Memorial Roberto Magari A"]
[Site "Siena ITA"]
[Date "2006.11.12"]
[Round "5"]
[White "Garofalo, Sergio"]
[Black "Buratti, Marco"]
[Result "0-1"]
[WhiteElo "1815"]
[BlackElo "2068"]
[PlyCount "71"]
[EventDate "2006.11.10"]

1. d4 d5 2. Nf3 Nf6 3. Nbd2 Bf5 4. Nh4 Bd7 5. e3 g5 6. Nhf3 g4 7. Ne5 Be6 8. b3
Bg7 9. Bb2 c6 10. Be2 h5 11. Nf1 Ne4 12. f3 Qa5+ 13. c3 gxf3 14. gxf3 Nd6 15.
a4 Bf6 16. Qd2 Nd7 17. Nxd7 Kxd7 18. O-O-O Rhg8 19. Bd3 h4 20. Kb1 Bh3 21. Qc2
Bg2 22. Nd2 Bxh1 23. Rxh1 b5 24. Bf1 bxa4 25. b4 Qb6 26. e4 Nb5 27. Qxa4 e6 28.
Qc2 a5 29. exd5 axb4 30. Nc4 Qa7 31. dxc6+ Ke7 32. Qb3 bxc3 33. Qb4+ Kd8 34.
c7+ Kxc7 35. Qxb5 Rgb8 36. Nd6 0-1

[Event "XI Memorial Roberto Magari A"]
[Site "Siena ITA"]
[Date "2006.11.12"]
[Round "5"]
[White "Lomakina, Nadya"]
[Black "Bini, Alessandro"]
[Result "0-1"]
[WhiteElo "1888"]
[BlackElo "1889"]
[PlyCount "66"]
[EventDate "2006.11.10"]

1. d4 d5 2. Nf3 e6 3. c3 Nf6 4. Bg5 Be7 5. Nbd2 Nbd7 6. Qc2 b6 7. e4 h6 8. Bh4
dxe4 9. Nxe4 Bb7 10. Nxf6+ Bxf6 11. Bxf6 Qxf6 12. Be2 O-O 13. O-O-O Rfd8 14.
Rhg1 c5 15. Rd2 Bd5 16. a3 cxd4 17. Rxd4 Nc5 18. c4 Bc6 19. Rgd1 Rxd4 20. Nxd4
Be4 21. Qc3 e5 22. Nf3 Qf4+ 23. Rd2 Rd8 24. b4 Bxf3 25. bxc5 Bxe2 26. g3 Qxd2+
27. Qxd2 Rxd2 28. Kxd2 Bxc4 29. c6 Kf8 30. Kc3 Be6 31. Kb4 Ke7 32. Kb5 Bc8 33.
a4 Kd6 0-1

[Event "XI Memorial Roberto Magari A"]
[Site "Siena ITA"]
[Date "2006.11.12"]
[Round "5"]
[White "Parrini, Daniele"]
[Black "Tagliagambe, Stefano"]
[Result "1/2-1/2"]
[WhiteElo "1938"]
[BlackElo "2050"]
[PlyCount "83"]
[EventDate "2006.11.10"]

1. e4 c5 2. Nf3 e6 3. d4 cxd4 4. Nxd4 Nc6 5. Nc3 Qc7 6. Be3 a6 7. Qd2 Nf6 8.
O-O-O Bb4 9. f3 Ne5 10. Nb3 b5 11. Kb1 Nc4 12. Bxc4 bxc4 13. Nd4 O-O 14. Nde2
Rb8 15. Ka1 d6 16. Bd4 e5 17. Be3 Be6 18. Bg5 Ne8 19. Qe1 f6 20. Be3 Qa5 21.
Qh4 Nc7 22. g4 Bxc3 23. Nxc3 Rxb2 24. Kxb2 Rb8+ 25. Kc1 Qxc3 26. Qf2 Qa1+ 27.
Kd2 c3+ 28. Ke1 Qxa2 29. Kf1 Rb2 30. Rc1 Qc4+ 31. Kg2 d5 32. exd5 Bxd5 33. h3
Nb5 34. Qf1 Qa2 35. Qd3 Qc4 36. Rhd1 Qxd3 37. Rxd3 Bb3 38. Rd8+ Kf7 39. Rd7+
Kg8 40. Rd8+ Kf7 41. Rd7+ Kg8 42. Rd8+ 1/2-1/2

[Event "XI Memorial Roberto Magari A"]
[Site "Siena ITA"]
[Date "2006.11.12"]
[Round "5"]
[White "Salami, Marco"]
[Black "Peric, Slavisa"]
[Result "1-0"]
[WhiteElo "2187"]
[BlackElo "2297"]
[PlyCount "91"]
[EventDate "2006.11.10"]

1. d4 d5 2. Nc3 e6 3. Nf3 c5 4. e4 Nf6 5. Bg5 cxd4 6. Qxd4 Nc6 7. Bb5 Be7 8.
exd5 exd5 9. O-O-O O-O 10. Qa4 Qb6 11. Bxf6 Bxf6 12. Nxd5 Qxf2 13. Nxf6+ gxf6
14. Qf4 Qc5 15. Bd3 Ne5 16. Qxf6 Ng6 17. Rde1 Be6 18. h4 Rfe8 19. h5 Qe7 20.
Qxe7 Nxe7 21. Ng5 Nd5 22. Bxh7+ Kh8 23. Be4 Rg8 24. Nxe6 fxe6 25. Bg6 Nc7 26.
Rhf1 Rgf8 27. Rxf8+ Rxf8 28. Kd2 Kg7 29. c4 Rf4 30. b3 Kf6 31. Ke3 e5 32. Rd1
Ne6 33. Rd7 Ng5 34. Rxb7 Rg4 35. Rxa7 Rxg2 36. Ra6+ Kg7 37. c5 Rg3+ 38. Kf2 Rc3
39. c6 e4 40. Ra7+ Kf6 41. c7 Nh3+ 42. Ke2 e3 43. Bd3 Nf4+ 44. Kxe3 Kg5 45.
Ra5+ Kg4 46. c8=Q+ 1-0